Normal view
MARC view
- تاليف محمد،عادل عبدالله؛م. مشارك امال احمد مصطفى
Entry Personal Name
001 - CONTROL NUMBER
- control field: 61758
003 - CONTROL NUMBER IDENTIFIER
- control field: JO-AjAnu
005 - DATE AND TIME OF LATEST TRANSACTION
- control field: 20230606084105.0
008 - FIXED-LENGTH DATA ELEMENTS
- fixed length control field: 230606|| aca||aabn | a|a d
040 ## - CATALOGING SOURCE
- Original cataloging agency: JO-AjAnu
- Transcribing agency: JO-AjAnu
100 ## - HEADING--PERSONAL NAME
- Personal name: تاليف محمد،عادل عبدالله؛م. مشارك امال احمد مصطفى
670 ## - SOURCE DATA FOUND
- Source citation: Work cat.: (JO-AjAnu)31500: تاليف محمد،عادل عبدالله؛م. مشارك امال احمد مصطفى , author, الطلاب الموهوبون ذوو الإعاقات التعليمية: (صعوبات التعلم-عسر القراءة-التاخر المدرسي )